| 000 | 01463nam a2200385Ia 4500 | ||
|---|---|---|---|
| 001 | ebr10363203 | ||
| 003 | CaPaEBR | ||
| 006 | m u | ||
| 007 | cr cn||||||||| | ||
| 008 | 081229s2009 mdua sb 001 0 eng | ||
| 010 | _z 2008054593 | ||
| 020 | _z9780801893018 (hardcover : alk. paper) | ||
| 020 | _z0801893011 (hardcover : alk. paper) | ||
| 020 | _z9780801893025 (pbk. : alk. paper) | ||
| 020 | _z080189302X (pbk. : alk. paper) | ||
| 040 |
_aCaPaEBR _cCaPaEBR |
||
| 035 | _a(OCoLC)557674284 | ||
| 050 | 1 | 4 |
_aQC754.2.M3 _bZ57 2009eb |
| 082 | 0 | 4 |
_a538 _222 |
| 100 | 1 | _aZirker, Jack B. | |
| 245 | 1 | 4 |
_aThe magnetic universe _h[electronic resource] : _bthe elusive traces of an invisible force / _cJ.B. Zirker. |
| 260 |
_aBaltimore : _bJohns Hopkins University Press, _cc2009. |
||
| 300 |
_aix, 298 p. : _bill. |
||
| 504 | _aIncludes bibliographical references and index. | ||
| 533 |
_aElectronic reproduction. _bPalo Alto, Calif. : _cebrary, _d2010. _nAvailable via World Wide Web. _nAccess may be limited to ebrary affiliated libraries. |
||
| 650 | 0 | _aMagnetic fields. | |
| 650 | 0 | _aCosmic magnetic fields. | |
| 650 | 0 | _aMagnetism. | |
| 650 | 0 | _aMagnetosphere. | |
| 650 | 0 | _aHeliosphere (Ionosphere) | |
| 650 | 0 | _aGravity. | |
| 655 | 7 |
_aElectronic books. _2local |
|
| 710 | 2 | _aebrary, Inc. | |
| 856 | 4 | 0 |
_uhttp://site.ebrary.com/lib/rucke/Doc?id=10363203 _zAn electronic book accessible through the World Wide Web; click to view |
| 999 |
_c111719 _d111719 |
||